000 00769cam a2200217 4500
001 WB3614-39
008 000000n2000 000 0 eng u
035 _a(Sirsi) u105196
245 _aFarmland valuation in a spin
260 _c2000
490 _aEstates Gazette
_v(0013) 1 April 2000, 183(1)
520 _aDiscusses the difficulties which valuers face in attempting to value farmland in the current market. Suggests that comparables may not be the answer: instead, valuers need to identify the property's selling points and the demands of 'lifestyle' buyers.
590 _aWB
650 _aFARMLAND MARKET
650 _aValuation
_96273
650 _aFARMLAND
650 _aCOMPARABLES
650 _aLAND PRICES
690 _aRURAL-MARKET
942 _n0
999 _c63089
_d63089